000 00676nam a22001337a 4500
040 _cRUA
082 _aAGR PHU 2015 B521 Or.
100 _aPHUONG NIN; ភួង និន
245 _aComparing irrigation schedule by trip on chilly pepper yield at Royal University of Agriculture; ប្រៀបធៀបពេលនៃការស្រោចស្រពដោយប្រព័ន្ឌតំណក់ទឹកលើទិន្នផលម្ទេសដៃនាង នៅសាកលវិទ្យាល័យភូមិន្ទកសិកម្ម
260 _aPhnom Penh
_bRUA
_c2015
300 _ax; 46p;
_bill;
_c29cm;
856 _u PHUONG NIN
942 _cAGR
999 _c10672
_d10672